000 00652nam a22001817a 4500
999 _c62153
_d62153
005 20240724114938.0
008 240724s1998 ge ||||| |||| 00| 0 ger d
020 _a3406441041 X
041 _ager
080 _a821.112.2 S-79
100 _aSprengel, Peter
_dAuthor
_922927
245 _aGeschichte der deutschen Literatur 1870-1900:
_bReichsgründung bis zur Jahrhundertwende /
_cPeter Sprengel
264 _aMünchen:
_b Verlag, C.H. Beck
_c1998.
300 _a825 pages;.
_b23 cm.
653 _aGeschichte der deutschen Literatur
653 _aგერმანული ლიტერატურის ისტორია
942 _2udc
_cBK